| 000 | 00803nam a2200217 a 4500 | ||
|---|---|---|---|
| 005 | 20250530150057.0 | ||
| 008 | 010719s1991 r 000 0 eng d | ||
| 020 | _a9706200037 | ||
| 035 | _aUPN01000109852 | ||
| 040 |
_aMX-MxUPN _bspa |
||
| 041 | 0 | _aspa | |
| 050 | 4 |
_aSB435.6 M62 _bC53 1991 |
|
| 245 | 1 | 3 | _aEl arbolado urbano de la zona metropolitana de la Ciudad de México |
| 260 |
_aMéxico, D.F. : _bUniversidad Autónoma Metropolitana, Unidad Azcapotzalco : _bUnesco, Programme on Man and the Biosphere : _bInstituto de Ecología, _c1991 |
||
| 300 |
_a380 páginas : _bfotografías |
||
| 490 | 0 |
_aCiencia y tecnología ; _v2 |
|
| 650 | 4 |
_aÁrboles _zCiudad de México _956756 |
|
| 700 | 1 |
_aLópez-Moreno, Ismael R. _956757 _eedición |
|
| 902 | _bVíctorGodínez/300525 | ||
| 942 |
_2lcc _cLIBRO |
||
| 999 |
_c83762 _d83762 |
||